| 000 | 00795nam a2200205 i 4500 | ||
|---|---|---|---|
| 001 | 154222 | ||
| 003 | ES-MaACL | ||
| 005 | 20250902063107.0 | ||
| 008 | 990309s1879 sp |||| | spa d | ||
| 040 |
_aCCPB | B _bspa _cCCPB | B |
||
| 100 | 1 |
_aGarcía Barzanallana, José, _d1819-1903 _954239 |
|
| 245 | 1 | 3 |
_aLa pairía hereditaria y la vitalicia _b: la Cámara de los Lores en el Reino Unido / _cpor José G. Barzanallana. |
| 260 |
_aMadrid : _b[s.n.], _c1879. |
||
| 300 |
_a67 p. ; _c17 cm. |
||
| 500 | _aEn port.: Publicado en la Revista Europa. | ||
| 597 | _aAntep. | ||
| 651 | 4 |
_aParlamentos- _zGran Bretaña. _9222193 |
|
| 852 |
_aES-MaACL _jT-1298-F-4 _z-- Enc. hol., conservando la enc. original _z-- Enc. en un vol. facticio _z.- Donat. Bosch |
||
| 999 |
_c154222 _d154222 |
||